00587nam a2200145Ia 4500008004100000100002500041245014000066245002500206260005900231650001800290650001500308856002600323999001900349952007300368170221s9999 xx 000 0 und d aAsmamaw Addis Amera. aAppraisal of Mass Media in Reporting Domestic Research Results: Ethiopian News Agency (ENA) and Walta Information Center (WIC) in Focus cAsmamaw Addis Amera. bOnline Journal of Communication and Media Technologies xCommunication xMedia Arts uhttp://www.ojcmt.net/ c312466d312466 001040aCLbCLd2017-02-21l0r2017-02-21 00:00:00w2017-02-21yFOJ